| 000 | 00632nam a22001577a 4500 | ||
|---|---|---|---|
| 003 | OSt | ||
| 005 | 20160310092041.0 | ||
| 008 | 160310b xxu||||| |||| 00| 0 eng d | ||
| 040 | _cRUA | ||
| 082 | _aVEM SAN 2014 B460 Or.1 | ||
| 100 |
_97863 _aSAN, MONGKHUN. |
||
| 245 | _aStudy on parasites of dog at chhouk tep animal clinic in phnom penh(សិក្សាពីបរាសិតលើសត្វសុនខនៅគ្លីនិកព្យាបាលសត្វឈូលទិព្វរាជធានីភ្នំពេញ) | ||
| 260 |
_aPhnom Penh _bRUA _c2014 |
||
| 300 |
_aix, 33p. _bill. _c29cm. |
||
| 942 |
_2ddc _cVEM |
||
| 999 |
_c7458 _d7458 |
||